=LDR 00000nam 2200000 4500 =001 INLIS000000000037090 =005 20130612142834 =008 ***********************************Ind** =035 ##$$0010-061300000037090 =041 ##$$a Ind =082 ##$$a 613 =090 ##$$a 613, Niz b =100 ##$$a Nizar, Imam Ahmad Ibnu =245 ##$$a Buku lengkap kesehatan harian, Imam Ahmad Ibnu Nizar ; editor, Eti Syahriyanti =260 ##$$a 2001 $b Yogyakarta =300 ##$$a 343 hlm, ilus, 21 cm =650 ##$$a Kesehatan =850 ##$$a NBPNMAT =990 ##$$a 21400613/BPAP-NTB/20142014 =990 ##$$a 0001/BPAP-NTB/20142015 =990 ##$$a 21601157/BPAP-NTB/2017